[Event "Almansa op 6th"]
[Site "Almansa"]
[Date "2011.08.10"]
[Round "2"]
[White "Castella Garcia, Fausto"]
[Black "Nicolas Zapata, Javier"]
[Result "1-0"]
[WhiteElo "2326"]
[BlackElo "1982"]
[PlyCount "59"]
[EventDate "2011.08.09"]
[EventType "swiss"]
[EventRounds "9"]
[EventCountry "ESP"]
[SourceTitle "CBM 144 Extra"]
[Source "ChessBase"]
[SourceDate "2011.10.28"]
[SourceVersion "1"]
[SourceVersionDate "2011.10.28"]
[SourceQuality "1"]

1. e4 e6 2. d4 d5 3. Nc3 dxe4 4. Nxe4 Nd7 5. Nf3 Ngf6 6. Nxf6+ Nxf6 7. c3 Be7 8. Bb5+ Bd7 9. Bd3 c5 10. dxc5 Bc6 11. 0-0 0-0 12. Ne5 Be4 13. Bxe4 Nxe4 14. c6 Bc5 15. Qe2 Qd5 16. Nd7 Rfd8 17. Nxc5 Nxc5 18. c7 Rd7 19. Bf4 Nd3 20. Bg3 e5 21. Rad1 Rc8 22. Qe3 Rdxc7 23. Qxa7 Re8 24. Qe3 e4 25. f3 Rce7 26. fxe4 Rxe4 27. Qf3 Qc5+ 28. Bf2 Qd5 29. Rd2 R4e5 30. Bd4 1-0